|
|
|
|
| LEADER |
01345nam a2200373Ia 4500 |
| 001 |
EBC614873 |
| 003 |
MiAaPQ |
| 005 |
20200520144314.0 |
| 006 |
m o d | |
| 007 |
cr cn||||||||| |
| 008 |
781201s2011 enk sb 001 0 eng d |
| 020 |
|
|
|z 9780415596671
|
| 020 |
|
|
|z 9780203838457
|
| 020 |
|
|
|z 0043090109
|
| 035 |
|
|
|a (MiAaPQ)EBC614873
|
| 035 |
|
|
|a (Au-PeEL)EBL614873
|
| 035 |
|
|
|a (CaPaEBR)ebr10592994
|
| 035 |
|
|
|a (CaONFJC)MIL385915
|
| 035 |
|
|
|a (OCoLC)809765521
|
| 040 |
|
|
|a MiAaPQ
|c MiAaPQ
|d MiAaPQ
|
| 050 |
|
4 |
|a HF1359
|b .L43 2011
|
| 100 |
1 |
|
|a Lean, Geoffrey,
|d 1947-
|
| 245 |
1 |
0 |
|a Rich world, poor world
|h [electronic resource] /
|c Geoffrey Lean, foreword by Barbara Ward.
|
| 260 |
|
|
|a Abingdon, Oxon :
|b Routledge,
|c 2011.
|
| 300 |
|
|
|a 352 p.
|
| 490 |
0 |
|
|a Routledge library editions: development ;
|v 44
|
| 504 |
|
|
|a Includes bibliographical references and index.
|
| 533 |
|
|
|a Electronic reproduction. Ann Arbor, MI : ProQuest, 2015. Available via World Wide Web. Access may be limited to ProQuest affiliated libraries.
|
| 650 |
|
0 |
|a International economic relations.
|
| 650 |
|
0 |
|a Economic history
|y 1945-
|
| 651 |
|
0 |
|a Developing countries.
|
| 655 |
|
4 |
|a Electronic books.
|
| 710 |
2 |
|
|a ProQuest (Firm)
|
| 856 |
4 |
0 |
|u https://ebookcentral.proquest.com/lib/matrademy/detail.action?docID=614873
|z Click to View
|